Kadınlara karşı her türlü ayrımcılığın önlenmesi sözleşmesi uyarınca hazırlanan Türkiye raporu (Record no. 6497)

MARC details
000 -BAŞLIK
Sabit Uzunlukta Kontrol Alanı 00876na a2200241 4500
001 - KONTROL NUMARASI
Denetim Alanı 13237
003 - KONTROL NUMARASI IDENTIFIER
Denetim Alanı MIRAKIL
005 - SON İŞLEM TARİHİ VE ZAMANI
Denetim Alanı 20181213155109.0
008 - SABİT-BOY VERİ ELEMANLARI - GENEL BİLGİLER
Sabit Uzunlukta Kontrol Alanı 161102b tu 000 0
020 ## - ULUSLARARASI STANDART KİTAP NUMARASI
Uluslararası Standart Kitap Numarası 9751908493
035 ## - SİSTEM KONTROL NUMARASI
Sistem Kontrol Numarası 13237
040 ## - KATALOGLAMA KAYNAK
Orijinal Kataloglama Ajansı Milas
Kataloglama Dili tur
Metne Dönüştürmek Ajansı TR-AnCHP
041 ## - DİL KODU
Metin / Ses Parça Veya Ayrı Başlığın Dil Kodu tur
082 ## - DEWEY ONLU SINIFLANDIRMA NUMARASI
Sınıflandırma Numarası 305.42
Ürün Numarası K22 1994
090 ## - SINIFLAMA NUMARASI
Sınıflama Numarası 305.42 K22 1994
245 ## - BAŞLIK TABLOSU
Başlık Kadınlara karşı her türlü ayrımcılığın önlenmesi sözleşmesi uyarınca hazırlanan Türkiye raporu
Başlığın Kalan 1993
Sorumluluk Tablosu, Vb Kadının Statüsü ve Sorunları Genel Müdürlüğü
260 ## - YAYIN, DAĞITIM, VB
Yayın, Dağıtım, Vb Yeri Ankara
Yayıncı, Dağıtıcı, Vs Adı Kadının Statüsü ve Sorunları Genel Müdürlüğü
Yayın, Dağıtım, Vb Tarihi 1994
300 ## - FİZİKSEL TANIM
Kapsam 81 s.
Boyutlar 24 sm.
490 ## - SERİSİ TABLOSU
Seri Beyanı Kadın ve Sosyal Hizmetler Müsteşarlığı Kadın Statüsü ve Sorunları Genel Müdürlüğü
Hacim / Ardışık Tanımı 79
650 ## - KONU KATMA GİRİŞ - TOPİKAL DÖNEM
Topikal Süreli Veya Coğrafi Ad Giriş Elemanı Kadın hakları
Coğrafi Alt Bölümü Türkiye
650 ## - KONU KATMA GİRİŞ - TOPİKAL DÖNEM
Topikal Süreli Veya Coğrafi Ad Giriş Elemanı Kadınlar
Coğrafi Alt Bölümü Türkiye
942 ## - EKLENDİ GİRİŞ ELEMANLARI (KOHA)
Sınıflandırma Veya Raf Düzeni Kaynak Dewey Decimal Classification
Koha Öğesi Türü Books
999 ## - SİSTEM KONTROL NUMARALARI (KOHA)
Koha Biblionumber 6497
Koha Biblioitemnumber 6497
Holdings
Kalıcı Konum Mevcut Konum Edinme Tarihi Edinim Kaynak Toplam Check-Out'Lar Tam Çağrı Numarası Barkod Tarih Son Görülme İtibaren Geçerli Fiyatlar Koha Öğesi Türü
CHP Kütüphanesi CHP Kütüphanesi 08/11/2016 Bağış   305.42 K22 1994 000922 08/11/2016 08/11/2016 Books